Normal view
MARC view
Entry Personal Name
001 - CONTROL NUMBER
- control field: 74013
003 - CONTROL NUMBER IDENTIFIER
- control field: dpl
005 - DATE AND TIME OF LATEST TRANSACTION
- control field: 20241120113841.0
008 - FIXED-LENGTH DATA ELEMENTS
- fixed length control field: 241120|| aca||aabn | a|a d
040 ## - CATALOGING SOURCE
- Original cataloging agency: dpl
- Transcribing agency: dpl
100 ## - HEADING--PERSONAL NAME
- Personal name: Hemalatha, B. K
670 ## - SOURCE DATA FOUND
- Source citation: Work cat.: (dpl)206714: Hemalatha, B. K., Discrete Mathematics/, 2023
